00344pab a2200133 454500008003600000245003200036650001400068650001700082650002100099650001600120650001600136650002400152773003400176180718b xxu||||| |||| 00| 0 eng d aREVIEW of political economy a Peasants a Orientalism a Economic Policy a Colonalism a Capaticism aEconomic Conditions aEconomic and Political Weekly